India: democracia y violencia religiosa
Збережено в:
| Автор: | |
|---|---|
| Інші автори: | |
| Формат: | Книга |
| Мова: | Іспанська |
| Опубліковано: |
Barcelona
Paidós
2009
|
| Серія: | Paidós Estado y Sociedad, 163
|
| Предмети: | |
| Теги: |
Додати тег
Немає тегів, Будьте першим, хто поставить тег для цього запису!
|
MARC
| LEADER | 00000nam a2200000 a 4500 | ||
|---|---|---|---|
| 001 | UCG1605 | ||
| 003 | CL-VaPUC | ||
| 005 | 20230112074238.0 | ||
| 008 | 100513e20090000SP |||||||||||||||||spa|d | ||
| 999 | |c 340929 |d 340927 | ||
| 020 | |a 9788449322297 | ||
| 040 | |c Pontificia Universidad Católica de Valparaíso | ||
| 082 | 0 | 4 | |a 954 |b NUS |2 21 |
| 100 | |a Nussbaum, Martha Craven |e autora |9 518695 | ||
| 245 | 1 | 0 | |a India: democracia y violencia religiosa |
| 260 | |a Barcelona |b Paidós |c 2009 | ||
| 300 | |a 447 p | ||
| 490 | 0 | |a Paidós Estado y Sociedad, 163 | |
| 583 | |a last modification |c 20100513 00:00:00 |k Rodrigo Vera | ||
| 650 | 7 | |a HISTORIA DE LA INDIA |2 CL-VaPUC |9 438922 | |
| 650 | 0 | |a Hinduismo |9 265212 | |
| 650 | 0 | |a Política |9 255312 | |
| 650 | 0 | |a Democracia |9 255256 | |
| 651 | 0 | |a India |9 267804 | |
| 700 | |a Casanova, Vanesa |e traducción |9 876665 | ||
| 942 | |c BK |2 ddc | ||
| 945 | |d 20100513 00:00:00 |a rbrito | ||
| 952 | |0 0 |1 0 |4 0 |6 954_000000000000000_NUS_2009 |7 0 |8 A |9 436082 |a BIBHIS |b BIBHIS |d 2019-11-22 |i 4673263 |o 954 NUS 2009 |p 4673263 |r 2025-01-20 |w 2019-11-22 |y BK |k HIS | ||